Morgan Freeman Movies Quiz - Statistics

General Stats
  • This quiz has been taken 10,204 times
  • The average score is 10 of 17
Answer Stats
Description Movie % Correct
Wrongfully imprisoned man must try to escape The Shawshank Redemption
90%
To make a point, God entrusts his powers to a blasphemous TV reporter Bruce Almighty
82%
The Batman defeats the Joker with help from his gadget-man The Dark Knight
81%
Serial killer punishes people who commit deadly sins Se7en
78%
Old southern lady becomes friends with her chauffeur Driving Miss Daisy
68%
Medieval archery expert must defeat an evil sheriff with help from his Moorish friend Robin Hood: Prince of Thieves
67%
Female boxer becomes paralyzed Million Dollar Baby
65%
Two terminally-ill geezers take the trip of a lifetime The Bucket List
62%
To heal a broken nation, South African rugby team must win the World Cup Invictus
58%
Woman gains superpowers after ingesting a drug that lets her use more than 10% of her brain Lucy
55%
Penguins survive a frigid winter in Antarctica (documentary) March of the Penguins
47%
Group of geriatric spies prove that they still have deadly skills RED
47%
A deadly comet is headed straight for Earth! Deep Impact
45%
Toys must defeat a villain who wants to glue them all in place The Lego Movie
36%
Regiment of black soldiers fight heroically during the Civil War Glory
35%
After taking control of a slave ship, Africans must fight for justice in U.S. court Amistad
31%
Only Jack Ryan can prevent a fearsome nuclear war between the U.S. and Russia The Sum of All Fears
25%
No matching quizzes found
Score Distribution
Percent of People with Each Score
Percentile by Number Answered
Your Score History
You have not taken this quiz